| 000 | 00694nam a22001937a 4500 | ||
|---|---|---|---|
| 999 |
_c164628 _d164628 |
||
| 005 | 20190523150501.0 | ||
| 010 | _aUR-10145 | ||
| 020 |
_c250.00 _a9789387829961 |
||
| 035 | _aU-8700 | ||
| 037 | _bDBAD/PUB | ||
| 082 | _a840.08 | ||
| 100 | _aمنا ظر عا شق ہر گا نو ی | ||
| 245 |
_aتنقيد ی شعو ر _cمنا ظر عا شق ہر گا نو ی |
||
| 246 |
_bTanqeedi Shaoor (Urdu) _aby Manazir Ashiq Harganvi |
||
| 260 |
_a Delhi _bEducational Publishing House _c2018 ء |
||
| 270 |
_a3191،Vakil Street,Kucha Pandit,Lal Kuan, _bDelhi _e110006 _k23216162 _l00911123211540 |
||
| 300 |
_a168ص _c22 Cm.(bk) |
||
| 942 |
_2ddc _cUR _h840.08 _mہ ر گ |
||